Statistics for Biggest Trading Partners - Belarus

Click here to take the quiz!

General Stats

  • This quiz has been taken 24 times
  • The average score is 17 of 20

Answer Stats

Export (By Percent)Country% Correct
3. 3.6%Germany
100%
5. 2.0%Germany
100%
1. 35.0%Russia
100%
1. 28.6%Russia
100%
8. 1.0%United States
100%
9. 0.8%France
95%
6. 1.7%Italy
95%
7. 1.4%China
91%
2. 8.1%China
91%
3. 3.0%Ukraine
91%
4. 3.4%Ukraine
91%
2. 4.0%Poland
86%
5. 2.5%Poland
86%
6. 1.9%Kazakhstan
73%
8. 1.2%Latvia
73%
4. 3.0%Lithuania
73%
7. 1.6%Türkiye
73%
9. 0.7%Netherlands
68%
10. 0.5%Uzbekistan
64%
10. 0.7%Switzerland
59%

Score Distribution

Percentile by Number Answered

Percent of People with Each Score

Your Score History

You have not taken this quiz